<?xml version="1.0" encoding="UTF-8"?><?xml-stylesheet type="text/xsl" href="static/style.xsl"?><OAI-PMH xmlns="http://www.openarchives.org/OAI/2.0/" xmlns:xsi="http://www.w3.org/2001/XMLSchema-instance" xsi:schemaLocation="http://www.openarchives.org/OAI/2.0/ http://www.openarchives.org/OAI/2.0/OAI-PMH.xsd"><responseDate>2026-04-26T20:04:14Z</responseDate><request verb="GetRecord" identifier="oai:uvadoc.uva.es:10324/329" metadataPrefix="marc">https://uvadoc.uva.es/oai/request</request><GetRecord><record><header><identifier>oai:uvadoc.uva.es:10324/329</identifier><datestamp>2021-06-22T03:08:26Z</datestamp><setSpec>com_10324_150</setSpec><setSpec>col_10324_151</setSpec></header><metadata><record xmlns="http://www.loc.gov/MARC21/slim" xmlns:doc="http://www.lyncode.com/xoai" xmlns:xsi="http://www.w3.org/2001/XMLSchema-instance" xmlns:dcterms="http://purl.org/dc/terms/" xsi:schemaLocation="http://www.loc.gov/MARC21/slim http://www.loc.gov/standards/marcxml/schema/MARC21slim.xsd">
<leader>00925njm 22002777a 4500</leader>
<datafield tag="042" ind1=" " ind2=" ">
<subfield code="a">dc</subfield>
</datafield>
<datafield tag="720" ind1=" " ind2=" ">
<subfield code="a">Pecha, Hernando</subfield>
<subfield code="e">author</subfield>
</datafield>
<datafield tag="024" ind2=" " ind1="8">
<subfield code="a">Alonso-Cortés, 171</subfield>
</datafield>
<datafield tag="024" ind2=" " ind1="8">
<subfield code="a">Rivera Manescau, 141</subfield>
</datafield>
<datafield tag="024" ind2=" " ind1="8">
<subfield code="a">Olim., 150</subfield>
</datafield>
<datafield tag="024" ind2=" " ind1="8">
<subfield code="a">http://uvadoc.uva.es/handle/10324/329</subfield>
</datafield>
<datafield tag="024" ind2=" " ind1="8">
<subfield code="a">b1513592</subfield>
</datafield>
<datafield tag="024" ind2=" " ind1="8">
<subfield code="a">U/Bc Ms 171</subfield>
</datafield>
<datafield ind1=" " ind2=" " tag="653">
<subfield code="a">Infantado, Duques del-Biografía</subfield>
</datafield>
<datafield ind1=" " ind2=" " tag="653">
<subfield code="a">Infantado, Casa Ducal</subfield>
</datafield>
<datafield ind1=" " ind2=" " tag="653">
<subfield code="a">Mendoza, Familia</subfield>
</datafield>
<datafield tag="245" ind1="0" ind2="0">
<subfield code="a">Historia de las Vidas de los Exmos.  Señores Duques del Ynfantado y sus Progenitores desde el Infante Don Zuría, primer Señor de Vizcaya, hasta la Exma. Señora Duquesa Doña Ana y su hija Doña Luysa, Condesa de Saldaña. Por el P. Hernando Pecha, primero Rector del Colegio de la Compañia de Iesus de Guadalaxara, natural de ella, calificador del Consejo Supremo de la General Ynquisicion. ... Año MDCXXXV [Manuscrito]</subfield>
</datafield>
</record></metadata></record></GetRecord></OAI-PMH>